[Event "Regionalliga NO 0001"]
[Site "Bayern"]
[Date "2001.03.11"]
[Round "7"]
[White "Bussas, Hans"]
[Black "Fink, Martin"]
[Result "1-0"]
[WhiteElo "1920"]
[BlackElo "1930"]
[PlyCount "95"]
[EventDate "2000.10.15"]
[EventType "team-tourn"]
[EventRounds "9"]
[EventCountry "GER"]
[SourceTitle "EXT 2020"]
[Source "ChessBase"]
[SourceDate "2019.10.17"]
[SourceVersion "1"]
[SourceVersionDate "2019.10.17"]
[SourceQuality "1"]
[WhiteTeam "Cham"]
[BlackTeam "Gunzenhausen"]
[WhiteTeamCountry "GER"]
[BlackTeamCountry "GER"]

1. d4 d5 2. Bg5 c5 3. e3 Qb6 4. b3 Bf5 5. Bd3 Bxd3 6. Qxd3 e6 7. Nf3 c4 8. Qd2 Nd7 9. 0-0 Rc8 10. c3 a5 11. Qc2 Ngf6 12. Nfd2 cxb3 13. axb3 Bd6 14. Qa2 Ne4 15. Nxe4 dxe4 16. Nd2 f5 17. Nc4 Qc7 18. Qxa5 Bxh2+ 19. Kh1 h6 20. Bh4 g5 21. g3 b6 22. Qa3 Nf6 23. Kxh2 gxh4 24. Nd6+ Kd7 25. Nxc8 hxg3+ 26. fxg3 Rxc8 27. Qa7 Ng4+ 28. Kg1 Nxe3 29. Rfc1 Rg8 30. Qxc7+ Kxc7 31. Kf2 Ng4+ 32. Ke2 Nf6 33. Rg1 Kc6 34. Ra7 Rg6 35. Rf7 Nh5 36. Kf2 Nf6 37. c4 Ng4+ 38. Ke2 Nf6 39. b4 f4 40. b5+ Kd6 41. Ra1 e5 42. Ra6 f3+ 43. Kf1 Ke6 44. Rxf6+ Rxf6 45. Rxb6+ Ke7 46. Rxf6 Kxf6 47. b6 exd4 48. b7 1-0

[Event "Regionalliga NO 0001"]
[Site "Bayern"]
[Date "2000.12.10"]
[Round "3.8"]
[White "Muehlbauer, Andreas"]
[Black "Bussas, Hans"]
[Result "1-0"]
[WhiteElo "1758"]
[BlackElo "1920"]
[PlyCount "41"]
[EventDate "2000.10.15"]
[EventType "team-tourn"]
[EventRounds "9"]
[EventCountry "GER"]
[SourceTitle "EXT 2020"]
[Source "ChessBase"]
[SourceDate "2019.10.17"]
[SourceVersion "1"]
[SourceVersionDate "2019.10.17"]
[SourceQuality "1"]
[WhiteTeam "Koetzting"]
[BlackTeam "Cham"]
[WhiteTeamCountry "GER"]
[BlackTeamCountry "GER"]

1. e4 e6 2. d4 c5 3. Nf3 Ne7 4. Nc3 Ng6 5. Be3 cxd4 6. Nxd4 a6 7. a3 Nc6 8. Be2 Be7 9. 0-0 0-0 10. f4 Bc5 11. Kh1 Ba7 12. Qd2 Nge7 13. Rad1 d5 14. exd5 Nxd5 15. Nxd5 Nxd4 16. Nb4 Nc6 17. Nxc6 Qxd2 18. Ne7+ Kh8 19. Bxd2 Bd7 20. Bb4 Rfd8 21. f5 1-0

[Event "Regionalliga NO 9900"]
[Site "Bayern"]
[Date "2000.??.??"]
[Round "8.8"]
[White "Goetz, Andreas"]
[Black "Bussas, Hans"]
[Result "1/2-1/2"]
[WhiteElo "1776"]
[BlackElo "1880"]
[PlyCount "79"]
[EventDate "1999.??.??"]
[EventType "team-tourn"]
[EventRounds "9"]
[EventCountry "GER"]
[SourceTitle "EXT 2020"]
[Source "ChessBase"]
[SourceDate "2019.10.17"]
[SourceVersion "1"]
[SourceVersionDate "2019.10.17"]
[SourceQuality "1"]
[WhiteTeam "Schwabach"]
[BlackTeam "Cham"]
[WhiteTeamCountry "GER"]
[BlackTeamCountry "GER"]

1. Nf3 c5 2. b3 Nc6 3. Bb2 d5 4. e3 Bg4 5. Be2 e6 6. d3 Nf6 7. Nbd2 Be7 8. 0-0 0-0 9. Rc1 Rc8 10. c4 h6 11. cxd5 Nxd5 12. Ne4 Nb8 13. Qd2 Nd7 14. Ng3 Bf6 15. Bxf6 N5xf6 16. h3 Bh5 17. Nxh5 Nxh5 18. d4 Nhf6 19. Rfd1 Qe7 20. Qa5 a6 21. Qa3 Rfe8 22. Rc2 Nd5 23. e4 Nb4 24. Rcd2 Nf6 25. dxc5 Qxc5 26. Rd4 Nd3 27. Qxc5 Nxc5 28. e5 Nd5 29. Rc4 Nd7 30. Rdc1 N7b6 31. Rxc8 Rxc8 32. Rxc8+ Nxc8 33. Nd2 Kf8 34. Ne4 a5 35. Bb5 Ke7 36. a4 b6 37. Nd2 Na7 38. Bd3 Nc6 39. Nf3 Nc3 40. Kf1 1/2-1/2

[Event "Regionalliga NO 9900"]
[Site "Bayern"]
[Date "2000.??.??"]
[Round "7.8"]
[White "Tobisch, Manfred"]
[Black "Bussas, Hans"]
[Result "0-1"]
[WhiteElo "1965"]
[BlackElo "1880"]
[PlyCount "120"]
[EventDate "1999.??.??"]
[EventType "team-tourn"]
[EventRounds "9"]
[EventCountry "GER"]
[SourceTitle "EXT 2020"]
[Source "ChessBase"]
[SourceDate "2019.10.17"]
[SourceVersion "1"]
[SourceVersionDate "2019.10.17"]
[SourceQuality "1"]
[WhiteTeam "Weiden"]
[BlackTeam "Cham"]
[WhiteTeamCountry "GER"]
[BlackTeamCountry "GER"]

1. e4 c5 2. c3 d5 3. exd5 Qxd5 4. d4 Nc6 5. Nf3 Bg4 6. Be2 Nf6 7. 0-0 e6 8. h3 Bh5 9. Na3 Rd8 10. Qa4 Be7 11. dxc5 Qe4 12. Qxe4 Nxe4 13. Be3 Bxc5 14. Bxc5 Nxc5 15. Rad1 0-0 16. g4 Bg6 17. Nc4 h6 18. Nfe5 Nxe5 19. Nxe5 Bc2 20. Rd4 f6 21. Nf3 e5 22. Rxd8 Rxd8 23. Rc1 Be4 24. b4 Ne6 25. Bc4 Kf7 26. Nh2 Ke7 27. f3 Bd5 28. Bxd5 Rxd5 29. Nf1 Nf4 30. Kh2 Rd3 31. Ng3 Rxf3 32. Nf5+ Kf8 33. Rd1 Rxh3+ 34. Kg1 Rd3 35. Rxd3 Nxd3 36. Kf1 a6 37. a3 b5 38. Ke2 e4 39. Ke3 Ne5 40. Kf4 Nc4 41. Kxe4 g6 42. Nxh6 Kg7 43. g5 f5+ 44. Kd5 Nxa3 45. Kc6 Nb1 46. Kb6 Nxc3 47. Kxa6 Ne4 48. Kxb5 Nxg5 49. Kc6 Kxh6 50. b5 f4 51. b6 f3 52. b7 f2 53. b8Q f1Q 54. Qh8+ Nh7 55. Qe8 Qf3+ 56. Kb5 Nf6 57. Qf8+ Kh5 58. Qh8+ Kg4 59. Qh2 Ne4 60. Qg1+ Kf5 0-1

[Event "Landesliga Nord 9899"]
[Site "Bayern"]
[Date "1999.04.11"]
[Round "7.8"]
[White "Bussas, Hans"]
[Black "Thuerauf, Peter"]
[Result "1/2-1/2"]
[WhiteElo "1870"]
[BlackElo "1940"]
[PlyCount "45"]
[EventDate "1998.10.11"]
[EventType "team-tourn"]
[EventRounds "9"]
[EventCountry "GER"]
[SourceTitle "EXT 2020"]
[Source "ChessBase"]
[SourceDate "2019.10.17"]
[SourceVersion "1"]
[SourceVersionDate "2019.10.17"]
[SourceQuality "1"]
[WhiteTeam "Cham"]
[BlackTeam "Nuernberg Sued SW"]
[WhiteTeamCountry "GER"]
[BlackTeamCountry "GER"]

1. d4 Nf6 2. f4 d5 3. Nf3 g6 4. e3 Bg7 5. Bd3 0-0 6. Nc3 c5 7. b3 Nc6 8. 0-0 a6 9. a4 Qc7 10. Ne2 Bg4 11. Bb2 Bxf3 12. gxf3 Nh5 13. c3 cxd4 14. cxd4 Qd7 15. Kg2 f6 16. Ng3 Nxg3 17. hxg3 e5 18. Rf2 exd4 19. exd4 f5 20. Rd2 Rfe8 21. Rc1 Re3 22. Bf1 Rae8 23. Rc3 1/2-1/2

[Event "Landesliga Nord 9899"]
[Site "Bayern"]
[Date "1999.03.14"]
[Round "6.8"]
[White "Riedel, Hartmut"]
[Black "Bussas, Hans"]
[Result "1/2-1/2"]
[WhiteElo "2175"]
[BlackElo "1870"]
[PlyCount "95"]
[EventDate "1998.10.11"]
[EventType "team-tourn"]
[EventRounds "9"]
[EventCountry "GER"]
[SourceTitle "EXT 2020"]
[Source "ChessBase"]
[SourceDate "2019.10.17"]
[SourceVersion "1"]
[SourceVersionDate "2019.10.17"]
[SourceQuality "1"]
[WhiteTeam "Zirndorf"]
[BlackTeam "Cham"]
[WhiteTeamCountry "GER"]
[BlackTeamCountry "GER"]

1. d4 d5 2. g3 f5 3. Bg2 Nf6 4. Nh3 e6 5. 0-0 Be7 6. Nd2 Nc6 7. Nf3 Ne4 8. c3 Bd7 9. Nf4 Bf6 10. Nd3 Qe7 11. Bf4 Rc8 12. Nfe5 0-0 13. f3 Nd6 14. b3 b6 15. Qd2 Nf7 16. e4 Bxe5 17. Bxe5 Ncxe5 18. dxe5 Bb5 19. exd5 Bxd3 20. Qxd3 Qc5+ 21. Qd4 Qxd5 22. Qxd5 exd5 23. f4 c6 24. Rfd1 Rfd8 25. Rd2 Kf8 26. Rad1 Ke7 27. Kf2 Rc7 28. Ke3 Rdd7 29. c4 dxc4 30. bxc4 Nd8 31. Rd4 Rxd4 32. Rxd4 Rd7 33. Rxd7+ Kxd7 34. h3 a6 35. Bf1 b5 36. Bd3 g6 37. g4 Ke6 38. g5 Nb7 39. Kd4 c5+ 40. Ke3 b4 41. Be2 Na5 42. Kd3 Nc6 43. Bd1 Nd4 44. Ba4 Ke7 45. Ke3 Ke6 46. Bd1 a5 47. Ba4 Ke7 48. Kf2 1/2-1/2

[Event "Landesliga Nord 9899"]
[Site "Bayern"]
[Date "1999.01.17"]
[Round "4.8"]
[White "Nussbaumer, Hans"]
[Black "Bussas, Hans"]
[Result "1/2-1/2"]
[WhiteElo "1950"]
[BlackElo "1870"]
[PlyCount "35"]
[EventDate "1998.10.11"]
[EventType "team-tourn"]
[EventRounds "9"]
[EventCountry "GER"]
[SourceTitle "EXT 2020"]
[Source "ChessBase"]
[SourceDate "2019.10.17"]
[SourceVersion "1"]
[SourceVersionDate "2019.10.17"]
[SourceQuality "1"]
[WhiteTeam "Kitzingen SC"]
[BlackTeam "Cham"]
[WhiteTeamCountry "GER"]
[BlackTeamCountry "GER"]

1. e4 c5 2. Nf3 d6 3. c3 Nf6 4. Be2 e5 5. 0-0 Nc6 6. d3 Be7 7. h3 h6 8. Be3 0-0 9. Nbd2 d5 10. exd5 Nxd5 11. Nc4 Nxe3 12. fxe3 Bf6 13. Qe1 Be6 14. Ncd2 Qb6 15. Ne4 Be7 16. b3 c4 17. d4 exd4 18. exd4 1/2-1/2

[Event "Landesliga Nord 9798"]
[Site "Bayern"]
[Date "1998.??.??"]
[Round "?.8"]
[White "Bussas, Hans"]
[Black "Till, Eugen"]
[Result "1/2-1/2"]
[WhiteElo "1880"]
[BlackElo "2115"]
[PlyCount "53"]
[EventDate "1997.10.19"]
[EventType "team-tourn"]
[EventRounds "9"]
[EventCountry "GER"]
[SourceTitle "EXT 2020"]
[Source "ChessBase"]
[SourceDate "2019.10.17"]
[SourceVersion "1"]
[SourceVersionDate "2019.10.17"]
[SourceQuality "1"]
[WhiteTeam "Cham"]
[BlackTeam "Erlangen TB"]
[WhiteTeamCountry "GER"]
[BlackTeamCountry "GER"]

1. d4 Nf6 2. Nf3 e6 3. Bg5 Be7 4. e3 b6 5. Nbd2 Bb7 6. c4 d6 7. Bd3 Nbd7 8. 0-0 c5 9. Rc1 0-0 10. Qe2 Qc7 11. Rfd1 Rfe8 12. e4 cxd4 13. Nxd4 Rac8 14. f3 Bf8 15. Nf1 Qb8 16. Ne3 d5 17. cxd5 exd5 18. Bb5 Rxc1 19. Rxc1 Rc8 20. Nxd5 Rxc1+ 21. Bxc1 Bxd5 22. Bxd7 Bxa2 23. Bb5 Bc5 24. Be3 Qe5 25. Qd3 h6 26. g3 a5 27. Kg2 1/2-1/2

[Event "Landesliga Nord 9798"]
[Site "Bayern"]
[Date "1998.??.??"]
[Round "?.8"]
[White "Hirn, Erwin"]
[Black "Bussas, Hans"]
[Result "1-0"]
[WhiteElo "1975"]
[BlackElo "1880"]
[PlyCount "79"]
[EventDate "1997.10.19"]
[EventType "team-tourn"]
[EventRounds "9"]
[EventCountry "GER"]
[SourceTitle "EXT 2020"]
[Source "ChessBase"]
[SourceDate "2019.10.17"]
[SourceVersion "1"]
[SourceVersionDate "2019.10.17"]
[SourceQuality "1"]
[WhiteTeam "Nuernberg Sued SW"]
[BlackTeam "Cham"]
[WhiteTeamCountry "GER"]
[BlackTeamCountry "GER"]

1. d4 d5 2. e4 dxe4 3. Nc3 e5 4. dxe5 Qxd1+ 5. Nxd1 Nc6 6. Bf4 Nge7 7. Bb5 Bd7 8. Nc3 0-0-0 9. 0-0-0 Ng6 10. Nge2 Nxf4 11. Nxf4 Nxe5 12. Bxd7+ Rxd7 13. Nxe4 Bd6 14. Nxd6+ Rxd6 15. Rxd6 cxd6 16. h3 Re8 17. Re1 g5 18. Ne2 Ng6 19. g3 f5 20. Kd1 Kd7 21. Nd4 Rxe1+ 22. Kxe1 f4 23. Ke2 Ne5 24. Nf3 h6 25. Nxe5+ dxe5 26. Kf3 Ke6 27. Ke4 Kd6 28. c4 Kc5 29. b3 Kb4 30. Kxe5 fxg3 31. fxg3 Ka3 32. c5 a5 33. Kd4 Kxa2 34. Kc3 h5 35. g4 h4 36. Kc2 Ka3 37. Kc3 Ka2 38. b4 a4 39. Kc2 Ka3 40. b5 1-0

[Event "Landesliga Nord 9697"]
[Site "Bayern"]
[Date "1997.??.??"]
[Round "?"]
[White "Bussas, Hans"]
[Black "Hirn, Erwin"]
[Result "1/2-1/2"]
[WhiteElo "1890"]
[BlackElo "2035"]
[PlyCount "37"]
[EventDate "1996.10.??"]
[EventType "team-tourn"]
[EventRounds "9"]
[EventCountry "GER"]
[SourceTitle "EXT 2020"]
[Source "ChessBase"]
[SourceDate "2019.10.17"]
[SourceVersion "1"]
[SourceVersionDate "2019.10.17"]
[SourceQuality "1"]
[WhiteTeam "Cham"]
[BlackTeam "Nuernberg Sued SW"]
[WhiteTeamCountry "GER"]
[BlackTeamCountry "GER"]

1. d4 Nf6 2. Nf3 d5 3. Bf4 e6 4. e3 c5 5. c4 cxd4 6. exd4 Bb4+ 7. Nc3 Qa5 8. Rc1 Qxa2 9. Nd2 Bxc3 10. bxc3 0-0 11. Bd6 Re8 12. Ra1 Qb2 13. Bb4 e5 14. Rb1 exd4+ 15. Be2 Qa2 16. Ra1 Qb2 17. Rb1 Qa2 18. Ra1 Qb2 19. Rb1 1/2-1/2

[Event "Landesliga Nord 9697"]
[Site "Bayern"]
[Date "1997.??.??"]
[Round "?"]
[White "Proeschel, Gerhard"]
[Black "Bussas, Hans"]
[Result "1/2-1/2"]
[WhiteElo "2000"]
[BlackElo "1895"]
[PlyCount "98"]
[EventDate "1996.10.??"]
[EventType "team-tourn"]
[EventRounds "9"]
[EventCountry "GER"]
[SourceTitle "EXT 2020"]
[Source "ChessBase"]
[SourceDate "2019.10.17"]
[SourceVersion "1"]
[SourceVersionDate "2019.10.17"]
[SourceQuality "1"]
[WhiteTeam "Schwabach"]
[BlackTeam "Cham"]
[WhiteTeamCountry "GER"]
[BlackTeamCountry "GER"]

1. e4 c5 2. Nf3 d6 3. d4 cxd4 4. Nxd4 Nf6 5. Nc3 g6 6. Be3 Bg7 7. Be2 Nc6 8. 0-0 Bd7 9. f4 Rc8 10. Nb3 0-0 11. Bf3 Be6 12. Nd4 Bc4 13. Rf2 Qd7 14. Nxc6 bxc6 15. Rd2 Qc7 16. Ne2 Rfd8 17. c3 d5 18. e5 Ne4 19. Bxe4 dxe4 20. Ng3 Bd3 21. Qa4 f5 22. exf6 exf6 23. Qxa7 Qxa7 24. Bxa7 f5 25. Be3 Rd7 26. Ne2 c5 27. Rad1 Rb7 28. Nc1 c4 29. Rf2 Rcb8 30. Rdd2 Kf7 31. a3 Ke6 32. h3 h5 33. g3 Kd5 34. Na2 Bf8 35. Nb4+ Ke6 36. Rd1 Rc8 37. Rfd2 Be7 38. Kf2 Bf6 39. Na6 Rg7 40. h4 Be7 41. Bd4 Rf7 42. Ke3 Bd6 43. Ra1 Rb7 44. Nb4 Be7 45. Re1 Bd6 46. Kf2 Kd7 47. Rdd1 Be7 48. Rd2 Bd6 49. Ke3 Ke6 1/2-1/2

[Event "Landesliga Nord 9596"]
[Site "Bayern"]
[Date "1996.??.??"]
[Round "?"]
[White "Bussas, Hans"]
[Black "Becker, Michael2222"]
[Result "1-0"]
[WhiteElo "1855"]
[BlackElo "1825"]
[PlyCount "49"]
[EventDate "1995.10.??"]
[EventType "team-tourn"]
[EventRounds "9"]
[EventCountry "GER"]
[SourceTitle "EXT 2020"]
[Source "ChessBase"]
[SourceDate "2019.10.17"]
[SourceVersion "1"]
[SourceVersionDate "2019.10.17"]
[SourceQuality "1"]
[WhiteTeam "Cham"]
[BlackTeam "Obernburg"]
[WhiteTeamCountry "GER"]
[BlackTeamCountry "GER"]

1. d4 d5 2. Nf3 e6 3. c4 c5 4. dxc5 Bxc5 5. e3 Nf6 6. Nc3 Nc6 7. a3 a5 8. Qc2 Qe7 9. Bd2 0-0 10. Rc1 d4 11. exd4 Bxd4 12. Bd3 Rd8 13. 0-0 Qd6 14. Be2 Ng4 15. Nb5 Qc5 16. Nfxd4 Nxd4 17. Nxd4 Qxd4 18. Rcd1 Nxh2 19. Bxa5 Nxf1 20. Rxd4 Rxd4 21. Bxf1 Bd7 22. Bb6 Rh4 23. g3 Rh6 24. Kg2 e5 25. Be3 1-0

[Event "Landesliga Nord 9697"]
[Site "Bayern"]
[Date "1996.??.??"]
[Round "?"]
[White "Oberhofer, Hans"]
[Black "Bussas, Hans"]
[Result "1/2-1/2"]
[WhiteElo "1920"]
[BlackElo "1890"]
[PlyCount "85"]
[EventDate "1996.10.??"]
[EventType "team-tourn"]
[EventRounds "9"]
[EventCountry "GER"]
[SourceTitle "EXT 2020"]
[Source "ChessBase"]
[SourceDate "2019.10.17"]
[SourceVersion "1"]
[SourceVersionDate "2019.10.17"]
[SourceQuality "1"]
[WhiteTeam "Regensburg DJK II"]
[BlackTeam "Cham"]
[WhiteTeamCountry "GER"]
[BlackTeamCountry "GER"]

1. e4 c5 2. Nf3 d6 3. d4 cxd4 4. Nxd4 Nf6 5. Nc3 g6 6. Be2 Bg7 7. Be3 Nc6 8. Nb3 Be6 9. 0-0 a6 10. f4 b5 11. Bf3 Rc8 12. Nd5 0-0 13. c3 Nb8 14. Nd4 Bd7 15. Qd2 Ng4 16. Bxg4 Bxg4 17. f5 gxf5 18. h3 f4 19. Rxf4 Bh5 20. Nf5 Nc6 21. Nxg7 Kxg7 22. Rh4 Bg6 23. Bh6+ Kg8 24. Bxf8 Qxf8 25. Qg5 f6 26. Qg4 Kf7 27. Nf4 Ne5 28. Qe6+ Kg7 29. Nxg6 hxg6 30. Rf4 Nd3 31. Rf3 Nxb2 32. Re1 Nc4 33. Rg3 Rc5 34. Rd1 Re5 35. Qg4 Qf7 36. Qf3 Qe6 37. Rd4 f5 38. exf5 Rxf5 39. Qe4 Re5 40. Qg4 Re1+ 41. Kh2 Qxg4 42. Rdxg4 Ne5 43. Rb4 1/2-1/2

[Event "Landesliga Nord 9495"]
[Site "Bayern"]
[Date "1994.??.??"]
[Round "?.8"]
[White "Bussas, Hans"]
[Black "Mueller, Norbert3333"]
[Result "0-1"]
[WhiteElo "1850"]
[BlackElo "2010"]
[PlyCount "78"]
[EventDate "1994.10.09"]
[EventType "team-tourn"]
[EventRounds "9"]
[EventCountry "GER"]
[SourceTitle "EXT 1999"]
[Source "ChessBase"]
[SourceDate "1998.11.16"]
[SourceVersion "1"]
[SourceVersionDate "1998.11.16"]
[SourceQuality "1"]
[WhiteTeam "Cham"]
[BlackTeam "Nuernberg Sued SW"]
[WhiteTeamCountry "GER"]
[BlackTeamCountry "GER"]

1. d4 f5 2. c4 Nf6 3. Nc3 g6 4. Bf4 Bg7 5. e3 d6 6. Nf3 0-0 7. Bd3 c6 8. 0-0 Na6 9. Rc1 Kh8 10. a3 Nc7 11. Qc2 Bd7 12. h3 Rc8 13. Qd2 Nh5 14. Bh2 Qe8 15. d5 Qf7 16. Bc2 Bf6 17. b4 Qg7 18. Ne2 Bb2 19. Rb1 cxd5 20. cxd5 Bf6 21. Bb3 g5 22. Nfd4 g4 23. hxg4 Rg8 24. f3 fxg4 25. Nf4 g3 26. Nxh5 gxh2+ 27. Kh1 Qg5 28. Nxf6 Qxf6 29. e4 Ne8 30. Rbc1 Ng7 31. Rxc8 Bxc8 32. Ne2 Nh5 33. Rc1 Bh3 34. Qd4 Rxg2 35. Qxf6+ exf6 36. Bd1 Rf2 37. Rc2 Bf1 38. Rc8+ Kg7 39. Rc7+ Kh6 0-1